European Geography Ending In N - Statistics

General Stats
  • This quiz has been taken 1,964 times
  • The average score is 13 of 15
Answer Stats
Hint Answer % Correct
Biggest city in the UK London
100%
Capital formerly split by a wall Berlin
99%
Where you could find Madrid and Barcelona Spain
99%
Capital of Ireland Dublin
98%
Portugal's capital Lisbon
97%
Scandinavian country Sweden
94%
Capital of Switzerland Bern
93%
Sea spanning from Spain to Turkey Mediterranean
90%
Capital of Estonia Tallinn
89%
Capital linked to Malmo by bridge Copenhagen
84%
Small island between Ireland and the UK Isle of Man
80%
Sixth smallest nation worldwide Liechtenstein
79%
Term used for the region of Southeast Europe Balkan
77%
Third largest city in France Lyon
74%
City found in the north of Scotland Aberdeen
69%
No matching quizzes found
Score Distribution
Percent of People with Each Score
Percentile by Number Answered
Your Score History
You have not taken this quiz